| 000 | 00552nam a22001697a 4500 | ||
|---|---|---|---|
| 003 | OSt | ||
| 008 | 260513b |||||||| |||| 00| 0 eng d | ||
| 020 | _a9789811632334 | ||
| 082 |
_a624.15136 _bR39N |
||
| 100 | _aRen, Qingyang | ||
| 245 |
_aNumerical Modeling of Soil Constitutive Relationship/ _bby Qingyang Ren and Jianting Zhou |
||
| 260 |
_aSingapore: _bSpringer Nature; _c2021. |
||
| 300 | _axvi, 185 p. | ||
| 650 | _aAgriculture and related technologies | Technology (Applied sciences) | Soils | ||
| 700 | _aZhou , Jianting | ||
| 942 |
_2ddc _cBK |
||
| 999 |
_c50579 _d50579 |
||